Knowledge and attitudes about AIDS and AIDS education in elementary school students and their parents (Record no. 71074)

MARC details
000 -CABECERA
campo de control de longitud fija 00711nam a2200253 a 4500
005 - FECHA Y HORA DE LA ÚLTIMA TRANSACCIÓN
campo de control 20210219153215.0
008 - ELEMENTOS DE LONGITUD FIJA--INFORMACIÓN GENERAL
campo de control de longitud fija 991125n 000 0 eng u
035 ## - NÚMERO DE CONTROL DEL SISTEMA
Número de control de sistema UPN01000084198
100 1# - ASIENTO PRINCIPAL--NOMBRE PERSONAL
Nombre de persona Smith, Mary Lou
222 ## - TÍTULO CLAVE
Título clave JOURNAL OF SCHOOL PSYCHOLOGY
245 ## - MENCIÓN DE TÍTULO
Título Knowledge and attitudes about AIDS and AIDS education in elementary school students and their parents
300 ## - DESCRIPCIÓN FÍSICA
Extensión 281-292
362 0# - FECHAS DE PUBLICACIÓN Y/O DESIGNACIÓN SECUENCIAL
Fecha de publicación y/o designación secuencial 1993 Vol. 31, no. 2
653 0# - TERMINO DE INDIZACION - NO CONTROLADO
Término no controlado PADRES DE FAMILIA
653 0# - TERMINO DE INDIZACION - NO CONTROLADO
Término no controlado ESTUDIANTES
653 0# - TERMINO DE INDIZACION - NO CONTROLADO
Término no controlado EDUCACION SANITARIA
653 0# - TERMINO DE INDIZACION - NO CONTROLADO
Término no controlado VIH/SIDA
700 1# - ASIENTO SECUNDARIO--NOMBRE DE PERSONAL
Nombre de persona Lefevbre, Arlette,
700 1# - ASIENTO SECUNDARIO--NOMBRE DE PERSONAL
Término indicativo de función/relación coaut.
700 1# - ASIENTO SECUNDARIO--NOMBRE DE PERSONAL
Nombre de persona Minden, Debbie,
700 1# - ASIENTO SECUNDARIO--NOMBRE DE PERSONAL
Término indicativo de función/relación coaut.
904 ## - ELEMENTOS DE DATOS D LOCAL, LDD (RLIN)
a AC
b 022009
905 ## - TIPO DE MATERIAL
Tipo de material Articulo

No items available.